Language acculturation and its effect on the tagakaulo tribe language: (Record no. 23545)
[ view plain ]
| 000 -LEADER | |
|---|---|
| fixed length control field | 00724nam a22001697a 4500 |
| 005 - DATE AND TIME OF LATEST TRANSACTION | |
| control field | 20260407114549.0 |
| 008 - FIXED-LENGTH DATA ELEMENTS--GENERAL INFORMATION | |
| fixed length control field | 250220b |||||||| |||| 00| 0 eng d |
| 082 ## - DEWEY DECIMAL CLASSIFICATION NUMBER | |
| Edition number | 2024 |
| Classification number | UT |
| 100 ## - MAIN ENTRY--PERSONAL NAME | |
| Personal name | Lazan, Mavel Faust C. |
| 9 (RLIN) | 65627 |
| 245 ## - TITLE STATEMENT | |
| Title | Language acculturation and its effect on the tagakaulo tribe language: |
| Remainder of title | Problem identification and solution using participatory action research / |
| Statement of responsibility, etc. | Mavel Faust C. Lazan, and Joanna Marie D. Trumpeta |
| 260 ## - PUBLICATION, DISTRIBUTION, ETC. (IMPRINT) | |
| Place of publication, distribution, etc. | Digos City : |
| Name of publisher, distributor, etc. | UMDC, |
| Date of publication, distribution, etc. | ©May 2024. |
| 300 ## - PHYSICAL DESCRIPTION | |
| Extent | viii, 111 pages : |
| Other physical details | illustration (some colors) ; |
| Dimensions | 29 cm. |
| 500 ## - GENERAL NOTE | |
| General note | Includes references and appendices. |
| 650 #0 - SUBJECT ADDED ENTRY--TOPICAL TERM | |
| Topical term or geographic name as entry element | Education |
| General subdivision | Undergraduate thesis. |
| 9 (RLIN) | 70440 |
| 700 ## - ADDED ENTRY--PERSONAL NAME | |
| Personal name | Trumpeta, Joanna Marie D. |
| 9 (RLIN) | 65628 |
| 942 ## - ADDED ENTRY ELEMENTS (KOHA) | |
| Source of classification or shelving scheme | Dewey Decimal Classification |
| Koha item type | Undergraduate Thesis |
| Withdrawn status | Lost status | Source of classification or shelving scheme | Damaged status | Not for loan | Home library | Current library | Date acquired | Total Checkouts | Full call number | Date last seen | Price effective from | Koha item type |
|---|---|---|---|---|---|---|---|---|---|---|---|---|
| Dewey Decimal Classification | UM Digos College - LIC | UM Digos College - LIC | 10/07/2024 | UT | 02/20/2025 | 02/20/2025 | Undergraduate Thesis |
